Mariano Marcos State University

University Library System

Microbial control of earworm, Helicoverpa armigera (Hubner) using beauveria bassiana (Bals.) Vuill and Bacillus Thuringiensis Sub Sp. Thuringiensis Berliner (Record no. 9678)

MARC details
000 -LEADER
fixed length control field 00640nam a22001697a 4500
003 - CONTROL NUMBER IDENTIFIER
control field OSt
005 - DATE AND TIME OF LATEST TRANSACTION
control field 20171010095506.0
008 - FIXED-LENGTH DATA ELEMENTS--GENERAL INFORMATION
fixed length control field 120808t xxu||||| |||| 00| 0 eng d
040 ## - CATALOGING SOURCE
Original cataloging agency MMSU
Transcribing agency ULS
100 ## - MAIN ENTRY--PERSONAL NAME
Personal name Layaoen, Thelma Z.
9 (RLIN) 11920
245 ## - TITLE STATEMENT
Title Microbial control of earworm, Helicoverpa armigera (Hubner) using beauveria bassiana (Bals.) Vuill and Bacillus Thuringiensis Sub Sp. Thuringiensis Berliner
Statement of responsibility, etc. Thelma Z. Layaoen
260 ## - PUBLICATION, DISTRIBUTION, ETC.
Date of publication, distribution, etc. 1979
300 ## - PHYSICAL DESCRIPTION
Extent xiii, 100 leaves
Dimensions 28 cm.
500 ## - GENERAL NOTE
General note Thesis (MS Entomology) -- University of the Philippines, Los BaƱos, Laguna
504 ## - BIBLIOGRAPHY, ETC. NOTE
Bibliography, etc. note Bibliography: leaves 87-96
942 ## - ADDED ENTRY ELEMENTS (KOHA)
Source of classification or shelving scheme
Koha item type Thesis/Dissertation
Holdings
Withdrawn status Lost status Source of classification or shelving scheme Damaged status Not for loan Home library Current library Date acquired Total Checkouts Barcode Date last seen Price effective from Koha item type Public note
          REF REF 08/08/2012   53-Gr 10/10/2017 10/10/2017 Thesis/Dissertation Library Use only

© 2023 Mariano Marcos State University. All Rights Reserved.

Powered by Koha